[Event "Northumbria Masters 2018"]
[Site "Newcastle upon Tyne"]
[Date "2018.02.15"]
[Round "2"]
[White "Plat, Vojtech"]
[Black "Percivaldi, Martin"]
[Result "1-0"]
[WhiteElo "2560"]
[BlackElo "2395"]
[Annotator "TA"]
[PlyCount "129"]
[EventDate "2018.??.??"]
[EventCountry "ENG"]
[SourceTitle "playchess.com"]
[Source "ChessBase"]
[SourceQuality "1"]

{[%evp 24,129,-16,-54,-50,-52,-45,-53,-42,-49,-62,-68,-37,-29,-36,-29,-44,-39,-30,-48,-36,-29,-19,-25,-17,-8,-10,-9,-12,-54,-23,-29,0,0,0,0,13,0,0,0,0,0,0,0,0,-67,0,-54,0,-87,-28,-57,14,21,24,24,54,-35,0,0,0,0,0,0,0,0,0,-8,-8,-8,-8,-9,0,-8,8,-74,0,0,0,0,120,120,125,121,121,29,22,37,372,297,29968,29969,29970,29971,29970,29971,29971,29972,29975,29976,29976,29977,29977,29978,29978,29979,29979,29980]} 1. e4 e5 2. Nf3 Nc6 3. Bb5 a6 4. Ba4 Nf6 5. d4 exd4 6. O-O Be7 7. Re1 b5 8. e5 Nxe5 9. Nxe5 bxa4 10. Qxd4 O-O 11. Bg5 h6 12. Bh4 Rb8 13. Nd2 Rb4 {C84: Closed Ruy Lopez: Unusual White 6th moves} (13... c5 14. Qd3 Rb6 15. Ndc4 Re6 16. f4 a5 17. f5 Ra6 18. Bxf6 Rxf6 19. Ng4 d5 20. Nxf6+ Bxf6 21. Ne5 {0-1 (51) Rodriguez Vila,A (2405)-Rubinetti,J (2455) San Martin 1993}) 14. c4 c5 $146 ({Predecessor:} 14... Rb6 15. c5 Re6 16. Ndc4 Nh7 17. Bxe7 Qxe7 18. f4 Qf6 19. Ne3 d6 20. Nd5 Qd8 21. Nc6 dxc5 22. Nde7+ Rxe7 23. Qxd8 Rxe1+ 24. Rxe1 Rxd8 25. Nxd8 Nf6 26. Re5 c4 27. Rc5 {1-0 (27) Cako,L (2233)-Meurs,T (2110) Hoogeveen 2008}) 15. Qc3 Re8 {Black is slightly better.} 16. Qc2 Rb6 17. Qxa4 Re6 18. Nd3 g5 19. Bg3 Bf8 20. Rxe6 Rxe6 21. Re1 Rxe1+ 22. Nxe1 Nh5 23. Nf1 Nxg3 24. hxg3 d5 25. cxd5 Qxd5 26. Qa5 Qe4 27. Ne3 Be6 28. N1c2 Qd3 29. b3 f5 30. Qb6 Kf7 31. Na3 Qd4 32. Nac2 Qe4 33. Qc7+ ({Much worse is} 33. Qxa6 f4 $19) 33... Be7 34. Kh2 (34. Na3 $11) 34... Kf6 (34... f4 $15 35. f3 fxg3+ 36. Qxg3 Qd3) 35. Qb8 (35. Qb6 $1 $11) 35... Kf7 (35... f4 $15 36. f3 fxg3+ 37. Kg1 Qd3 38. Qxg3 Bd6) 36. Na3 (36. Qc7 $11) 36... f4 (36... Qb4 $17 37. Qxb4 cxb4) 37. gxf4 gxf4 (37... Qxf4+ $15 38. Qxf4+ gxf4) 38. Nec4 $11 Qf5 39. Kg1 Kg7 40. Qe5+ (40. Qb7 $14 Kf6 41. Qb8 (41. Qxa6 Qd5 $11)) 40... Bf6 41. Qc7+ Kg6 42. Qc6 Qg4 43. Qd6 Bd4 44. Qxd4 cxd4 45. Ne5+ Kf5 46. Nxg4 Kxg4 {[%mdl 4096] Endgame KB-KN} 47. Kf1 Kf5 {And now ...Ke4 would win.} 48. Ke2 Ke5 49. Nc2 {[#]} (49. Nc4+ $11 Kd5 50. Kf3) 49... Bd5 ({Black should try} 49... f3+ $1 $17 {[%mdl 512]} 50. Kxf3 Bd5+ 51. Kg3 d3) 50. f3 a5 51. Ne1 a4 (51... Kf5 $11) 52. Nd3+ Kf5 53. bxa4 {aiming for a5.} Bxa2 54. a5 ({White should play} 54. Nb2 $16) 54... Bc4 55. Kd2 {Black must now prevent Nb4.} h5 $2 {[%mdl 8192]} ({Better is} 55... Kg5 $1 $14) 56. Nb4 $1 $18 Kg5 $2 (56... Kg6 $18 57. a6 Bxa6 58. Nxa6 Kg5) 57. a6 {White mates.} Bxa6 58. Nxa6 {KN-K3P} Kh4 59. Ke2 Kg3 {[#]} 60. Kf1 $1 h4 61. Nc5 d3 62. Nxd3 h3 63. gxh3 Kxf3 {[#]} 64. Nf2 $1 Kg3 65. Ke2 {Precision: White = 56%, Black = 39%.} 1-0

[Event "Northumbria Masters 2018"]
[Site "Newcastle upon Tyne"]
[Date "2018.02.15"]
[Round "2"]
[White "Gormally, Daniel W"]
[Black "Gourlay, Iain"]
[Result "1-0"]
[WhiteElo "2483"]
[BlackElo "2371"]
[Annotator "TA"]
[PlyCount "49"]
[EventDate "2018.??.??"]
[EventCountry "ENG"]
[SourceTitle "playchess.com"]
[Source "ChessBase"]
[SourceQuality "1"]

{[%evp 14,49,-10,-19,20,6,48,20,68,66,87,82,103,50,86,79,141,122,143,132,207,207,201,192,202,164,171,172,258,238,236,231,362,349,490,489,466,473]} 1. d4 d5 2. Nf3 Nf6 3. c4 e6 4. g3 Bb4+ 5. Nc3 dxc4 (5... O-O 6. Bg2 dxc4 7. O-O Nc6 8. Qa4 Bd7 9. Bg5 Rb8 10. Rad1 Bxc3 11. bxc3 h6 12. Bxf6 Qxf6 13. Qxc4 Rfc8 14. Nd2 Na5 15. Qb4 b6 {½-½ (67) Matlakov,M (2735)-Tomashevsky,E (2713) St Petersburg 2017}) 6. a3 {E20: Nimzo-Indian: 4 g3 and 4 f3} Bxc3+ 7. bxc3 O-O 8. Bg2 {LiveBook: 26 Games. The position is equal.} Nd5 9. Qc2 f6 10. Nd2 $146 {[%mdl 1024] White has compensation.} ({Find the theoretical novelty and annotate with similar games:} 10. a4 a5 11. Nd2 Nb6 12. O-O Rf7 13. Ba3 Qe8 14. Bc5 N8d7 15. Qa2 e5 16. Nxc4 Nxc4 17. Qxc4 Nxc5 18. Qxc5 c6 19. e3 Bf5 {½-½ (19) Akshat,K (2292)-Karthikeyan,P (2411) Bhubaneswar 2010}) 10... Nb6 11. O-O Nc6 12. a4 a5 13. e4 ({White should try} 13. Rd1 $16) 13... Bd7 14. Ba3 Ne7 ({Better is} 14... e5) 15. Bc5 $16 Bc6 16. Rfb1 Rc8 (16... Ra6 $16 {is a better defense.} 17. Bxb6 Rxb6) 17. Bxb6 $1 $18 cxb6 18. Nxc4 Be8 19. Nxb6 Rc6 20. Qb3 {Black must now prevent d5.} Bf7 (20... Nc8 $142) 21. d5 exd5 22. exd5 Nc8 (22... Rc7 $142 23. c4 Nc8 24. Nxc8 Qxc8) 23. Nd7 $1 Qxd7 (23... Rc7 $142) 24. dxc6 bxc6 25. Qb7 {Precision: White = 65%, Black = 18%.} 1-0

[Event "Northumbria Masters 2018"]
[Site "Newcastle upon Tyne"]
[Date "2018.02.15"]
[Round "2"]
[White "Greet, Andrew N"]
[Black "Welling, Gerard"]
[Result "0-1"]
[WhiteElo "2458"]
[BlackElo "2320"]
[Annotator "TA"]
[PlyCount "125"]
[EventDate "2018.??.??"]
[EventCountry "ENG"]
[SourceTitle "playchess.com"]
[Source "ChessBase"]
[SourceQuality "1"]

{[%evp 13,125,101,112,79,106,113,141,134,138,137,149,148,137,121,130,134,154,134,140,91,100,97,93,77,161,169,140,164,190,117,118,126,210,191,158,124,130,110,92,0,119,104,119,118,140,86,52,18,18,0,114,67,379,401,407,401,399,379,354,0,0,0,0,0,0,0,0,0,0,0,0,0,0,0,0,0,0,0,0,-29994,-29995,-29995,-29996,-29996,-888,-868,-879,-837,-808,-711,-685,-693,-689,-625,-618,-679,-639,-1201,-1175,-1252,-1215,-1217,-1144,-5306,-6083,-5206,-1855,-29982,-29983,-29983,-29984,-29991,-29992,-29992]} 1. d4 d6 2. Nf3 Bg4 3. e4 Nf6 4. h3 Bh5 5. Nc3 e6 6. Qe2 a6 7. g4 Bg6 {LiveBook: 50 Games} 8. g5 {A41: 1 d4 d6: Tartakower System and Modern Defence} Nfd7 9. Nh4 $1 e5 10. d5 {White is clearly better.} b5 11. Nxg6 $146 ({Find the theoretical novelty and annotate with similar games:} 11. Qg4 Nb6 12. Be3 N8d7 13. O-O-O b4 14. Nb1 Nc5 15. Nd2 Qd7 {0-1 (40) Granda Zuniga,J (2627)-Narciso Dublan,M (2536) Mexico City 2010}) 11... hxg6 12. h4 Be7 13. Bg2 Nb6 14. a4 b4 15. Nd1 a5 16. Ne3 N8d7 17. b3 Qc8 18. Bb2 Qa6 (18... c5 $16) 19. Qg4 $18 O-O-O 20. Bf1 Qa7 21. Bb5 (21. c3 $1 $18) 21... Kb8 $16 22. O-O-O Rh5 (22... Nc5 $16 23. Rdf1 Nbd7) 23. Kb1 Nc5 24. Ng2 Qb7 25. Rhe1 Qc8 26. f3 (26. Qe2 $1 $16) 26... Rdh8 {[#]} (26... Qxg4 $11 27. fxg4 Rhh8) 27. Qg3 $1 Qf8 28. f4 exf4 {[#]} 29. Qxf4 (29. Qg4 $142 $1) 29... f6 {[%cal Rf6g5]} 30. Rf1 fxg5 31. Qe3 Qg8 (31... Bf6 $11 {keeps the balance.}) 32. Qe2 Rxh4 $2 {[%mdl 8192]} (32... Bf6 $14) 33. Nxh4 $18 Rxh4 34. Bc6 Qc8 35. Rf7 Rxe4 36. Qxe4 $2 ({Better is} 36. Qb5 $18) 36... Nxe4 $11 37. Rxe7 Qf5 $1 38. Rh1 Nxd5 39. Rh8+ $1 Ka7 40. Bd4+ Nc5 41. Bxc5+ dxc5 42. Bxd5 $1 Qxd5 43. Rxc7+ {[%mdl 4096] Endgame KQ-KRR} Kb6 44. Re7 c4 45. Rb8+ Ka6 {( -> ...Qd1+)} 46. Rbe8 $2 {[%mdl 8192]} (46. bxc4 $11 Qh1+ 47. Kb2) 46... Qd1+ 47. Ka2 Qxc2+ 48. Ka1 Qc3+ (48... Qd1+ $142 49. Ka2 cxb3+ 50. Kb2 Qc2+ 51. Ka1 Qc1#) 49. Kb1 $19 Qxb3+ 50. Kc1 Qa3+ 51. Kd2 c3+ 52. Kd3 {[#]} c2+ $1 53. Kxc2 Qxa4+ 54. Kd3 {intending Re6+.} Qb3+ 55. Kd4 Qc3+ 56. Kd5 Kb5 57. Rb8+ Ka4 58. Re4 Qd3+ 59. Rd4 Qf5+ 60. Kc4 g4 {[%cal Bg5g4,Bg4g3][%mdl 32] Black mates.} 61. Rb6 g3 62. Rd1 Qc2+ 63. Kd4 {Precision: White = 68%, Black = 34%.} 0-1

[Event "Northumbria Masters 2018"]
[Site "Newcastle upon Tyne"]
[Date "2018.02.15"]
[Round "2"]
[White "Nasuta, Grzegorz"]
[Black "Donchenko, Alexander"]
[Result "1/2-1/2"]
[WhiteElo "2454"]
[BlackElo "2583"]
[Annotator "TA"]
[PlyCount "54"]
[EventDate "2018.??.??"]
[EventCountry "ENG"]
[SourceTitle "playchess.com"]
[Source "ChessBase"]
[SourceQuality "1"]

{[%evp 19,54,-2,-12,-6,0,0,0,-7,0,-1,0,2,0,-8,0,-56,-46,-48,-36,-25,0,0,0,0,0,0,0,0,0,0,0,0,0,0,0,0,0]} 1. e4 c6 2. d4 d5 3. e5 Bf5 4. h4 h5 5. Bd3 Bxd3 6. Qxd3 {B12: Caro-Kann: Advance Variation} Qa5+ (6... e6 7. Bg5 Be7 8. Nf3 c5 9. dxc5 Nd7 10. b4 Bxg5 11. hxg5 Ne7 12. Nc3 a5 13. Nb5 axb4 14. Nd6+ Kf8 {½-½ (52) Nepomniachtchi,I (2729)-Laznicka,V (2647) Riadh 2017}) 7. Nd2 e6 8. Ngf3 Ne7 9. O-O Nf5 10. c4 Be7 {LiveBook: 4 Games} 11. g3 Nd7 12. Rd1 Qa6 13. Qc2 $146 O-O 14. b3 Rac8 15. Bb2 b6 16. a4 g6 17. Ba3 (17. Nf1 $11) 17... c5 18. cxd5 cxd4 ({Much worse is} 18... Nxd4 $6 19. Qc4 $11) 19. Qb1 {Black must now prevent Bxe7.} Bxa3 20. dxe6 {The position is equal.} fxe6 {And now ...Be7 would win.} 21. Rxa3 Rc3 {[#]} 22. Nxd4 $1 {[%mdl 512] aiming for Ne4.} Nxe5 (22... Nxd4 23. Qxg6+) 23. Ne4 $1 {[%cal Re4c3]} (23. Nxe6 {[#]} Nxg3 $1 {[%mdl 512]} 24. Nxf8 Ne2+ 25. Kh2 Qc8 $19) 23... Nxd4 24. Nxc3 Ne2+ 25. Nxe2 Qxe2 26. Ra2 Qg4 $1 27. Kg2 Qf3+ {Precision: White = 80%, Black = 73%.} 1/2-1/2

[Event "Northumbria Masters 2018"]
[Site "Newcastle upon Tyne"]
[Date "2018.02.15"]
[Round "2"]
[White "Merry, Alan B"]
[Black "Vakhidov, Jakhongir"]
[Result "1/2-1/2"]
[WhiteElo "2438"]
[BlackElo "2532"]
[Annotator "TA"]
[PlyCount "139"]
[EventDate "2018.??.??"]
[EventCountry "ENG"]
[SourceTitle "playchess.com"]
[Source "ChessBase"]
[SourceQuality "1"]

{[%evp 17,139,29,31,36,33,32,37,47,45,37,31,15,24,-15,0,-100,-92,-100,-100,-100,-100,-100,-100,-100,-100,-100,-100,-100,-100,-111,-123,-181,-182,-169,-154,-193,-155,-171,-59,-120,-112,-106,-101,-173,-118,-198,-67,-119,-71,-82,0,0,0,0,0,0,0,0,0,0,0,0,0,0,0,0,0,0,0,0,0,0,0,0,0,0,0,0,0,0,0,0,0,0,0,0,0,0,0,0,0,0,0,0,0,0,0,0,0,0,0,0,0,0,0,0,0,0,0,0,0,0,0,0,0,0,0,0,0,0,0,0,0,0]} 1. e4 c5 2. Nf3 {[%cal Bg1f3,Bf3d4,Bd4b5][%mdl 32]} g6 3. c4 Bg7 4. d4 cxd4 5. Nxd4 Nc6 6. Be3 Qb6 7. Nb5 {B38: Sicilian: Maroczy Bind with 5...Bg7 and 7...0-0} (7. Nb3 Qd8 8. Qd2 Nf6 9. Nc3 O-O 10. Be2 d6 11. O-O a5 12. Nd4 a4 13. Ndb5 Qa5 14. f3 Be6 {½-½ (22) Bacrot,E (2715)-Iturrizaga Bonelli,E (2662) Linares 2017}) 7... Qa5+ 8. N1c3 Nf6 9. f3 O-O {LiveBook: 7 Games} 10. Be2 a6 11. Nd4 Nxd4 12. Bxd4 d6 13. O-O Be6 {[%cal Bc8e6,Be6c4,Bc4e2][%mdl 32] [#]} 14. Rb1 $146 ({Predecessor:} 14. Qa4 Qxa4 15. Nxa4 {½-½ (29) Cyborowski,L (2555)-Nguyen,P (2393) Wroclaw 2012}) 14... Rfc8 15. b4 Qc7 16. Rc1 (16. Nd5 $11 {remains equal.} Bxd5 17. exd5 (17. cxd5 Nd7 $11)) 16... Bxc4 $17 17. Bxf6 Bxf6 ({Not} 17... exf6 $2 18. Nd5 $18) 18. Nd5 Bxe2 19. Rxc7 Bxd1 20. Nxf6+ exf6 21. Rxc8+ Rxc8 22. Rxd1 {[%mdl 4096] Endgame KR-KR} Rc6 23. a4 Rc4 24. Rxd6 (24. b5 $17) 24... Rxb4 $19 25. a5 Rb5 26. Rd7 f5 27. exf5 gxf5 (27... Rxf5 $19 28. Rxb7 Rxa5) 28. f4 ({White should play} 28. Kf2 $15) 28... h5 $17 29. Kf2 h4 30. h3 {[%cal Bh2h3,Bh3g4,Bg4g5,Bg5g6][%mdl 32]} Kg7 ({Better is} 30... Rxa5 $19 {Threatens to win with ...Rb5.} 31. Rxb7 Ra2+ 32. Kf3 Kg7) 31. Rc7 (31. g4 $17 {was necessary.}) 31... Kf6 (31... Rxa5 $19 32. Rxb7 Ra2+ 33. Kf3 a5) 32. g4 $1 $15 fxg4 33. hxg4 Rxa5 (33... Kg6 $17 34. Kg2 Rb3) 34. Rxb7 $11 {The position is equal.} Ra2+ 35. Kg1 a5 36. Ra7 h3 37. Kh1 Ke6 38. g5 a4 (38... Ra1+ {is more complex.} 39. Kh2 Ra3 40. f5+ Kxf5 41. Rxf7+ Kg6) 39. Ra5 $1 Rf2 (39... Ke7 {looks sharper.} 40. Ra7+ Kf8 41. f5 a3 42. g6 Kg8) 40. Rxa4 Kf5 41. Ra6 Rxf4 42. Kh2 Kg4 43. g6 Rf2+ 44. Kg1 Rg2+ 45. Kh1 f5 46. Ra3 Kf4 {aiming for ...Ke5.} 47. Rxh3 Rxg6 48. Ra3 Rg3 49. Ra4+ Kf3 50. Kh2 Rg2+ 51. Kh1 Re2 (51... Rf2 {feels hotter.} 52. Ra8 Kg3 53. Rg8+ Kf4 54. Ra8 Rd2) 52. Ra8 f4 {[#] White must now prevent ...Kf2.} 53. Kg1 $1 Re1+ 54. Kh2 Kf2 {Hoping for ...Re7.} (54... Rb1 $5) 55. Ra2+ Re2 56. Ra1 Re1 57. Ra2+ Re2 58. Ra1 f3 59. Rb1 Re1 60. Rb2+ Ke3 61. Rb3+ Kf2 {[#] ...Re7 is the strong threat.} (61... Kd2 $5 {[%cal Rf3f2]} 62. Rxf3 Ke2 $11) 62. Rb2+ Re2 63. Rb1 Rd2 64. Ra1 Rd3 {Strongly threatening ...Rd6.} 65. Ra2+ Ke1 66. Kg1 Rd4 67. Ra1+ Ke2 {And now ...f2+ would win.} 68. Ra2+ Ke3 {( -> ...Rd1+)} 69. Ra3+ Ke4 70. Kf2 {Precision: White = 73%, Black = 56%.} 1/2-1/2

[Event "Northumbria Masters 2018"]
[Site "Newcastle upon Tyne"]
[Date "2018.02.15"]
[Round "2"]
[White "Hunt, Adam C"]
[Black "Tan, Justin"]
[Result "1/2-1/2"]
[WhiteElo "2416"]
[BlackElo "2479"]
[Annotator "TA"]
[PlyCount "99"]
[EventDate "2018.??.??"]
[EventCountry "ENG"]
[SourceTitle "playchess.com"]
[Source "ChessBase"]
[SourceQuality "1"]

{[%evp 35,99,11,21,12,18,25,24,3,0,0,0,-7,-4,-4,-4,-4,-3,-11,0,-14,5,-7,-4,-27,-33,-106,20,16,35,-11,-8,-16,-16,-33,-35,-34,-27,-22,-10,-11,-10,-6,0,-8,-11,-20,0,0,0,0,0,0,0,-12,-12,-29,-19,-29,-8,-8,-8,-8,0,0,0,0]} 1. e4 e5 2. Nf3 Nc6 3. Bb5 a6 4. Ba4 Nf6 5. O-O Be7 6. Re1 b5 7. Bb3 d6 8. c3 O-O 9. h3 Nb8 10. d4 Nbd7 11. Nbd2 Bb7 12. Bc2 Re8 13. Nf1 Bf8 14. Ng3 g6 15. a4 Nb6 16. b3 bxa4 {C95: Spanische Partie (Breyer-Variante)} 17. bxa4 a5 18. Rb1 Ba6 {LiveBook: 3 Partien} 19. Bb3 Qd7 20. Qc2 Bc4 21. Bxc4 Nxc4 22. Qa2 Qc6 23. Rb5 {[#] Droht stark d5.} Nb6 {[%cal Bc4b6,Bb6d5,Bd5c3][%mdl 32] [#]} 24. Qb3 $146 ({Vorgänger:} 24. Bg5) 24... Nfd7 25. Nd2 {[%cal Bf3d2,Bd2c4,Bc4e5][%mdl 32]} exd4 26. cxd4 d5 $1 27. Rd1 {[%cal Re4d5]} Nf6 {[%cal Rd5e4]} 28. exd5 Nbxd5 29. Nc4 Bb4 30. Bd2 {[#]} ({Lieber} 30. Ne5 $1 $15 Qe6 31. Bd2) 30... h5 ({Viel schwächer wäre} 30... Bxd2 $6 31. Rc5 $11) ({Günstiger ist} 30... Qa6 $1 $17 {Und ...c6 würde nun gewinnen.} 31. Bxb4 axb4) 31. Ne5 $11 Qe6 32. Bxb4 axb4 33. Re1 Nc3 34. Qxe6 Rxe6 35. Rxb4 Nfd5 36. Rc4 Rxa4 37. Rxa4 Nxa4 38. Kf1 Kg7 39. Nd3 Rc6 40. Rc1 Rd6 41. Ne4 Rd8 42. Ne5 Re8 43. Nc5 Nac3 44. Nf3 Ra8 45. Nd2 Ra2 46. Nce4 Nxe4 47. Nxe4 {Die Stellung ist ausgeglichen.} Ra4 48. Nc3 Nxc3 49. Rxc3 Rxd4 50. Rxc7 {Precision: Weiß = 51%, Schwarz = 53%.} 1/2-1/2

[Event "Northumbria Masters 2018"]
[Site "Newcastle upon Tyne"]
[Date "2018.02.15"]
[Round "2"]
[White "Eggleston, David J"]
[Black "Hebden, Mark L"]
[Result "1/2-1/2"]
[WhiteElo "2409"]
[BlackElo "2454"]
[Annotator "TA"]
[PlyCount "117"]
[EventDate "2018.??.??"]
[EventCountry "ENG"]
[SourceTitle "playchess.com"]
[Source "ChessBase"]
[SourceQuality "1"]

{[%evp 18,117,36,33,37,37,38,-5,29,0,0,0,0,0,50,47,47,21,81,74,79,79,79,80,85,85,81,81,81,81,81,81,111,75,66,49,33,39,72,15,36,0,0,0,0,0,31,31,31,31,45,46,75,75,199,111,99,8,8,7,50,16,33,32,51,35,43,0,0,0,0,0,0,0,0,0,0,0,0,0,0,0,0,0,0,0,0,0,0,0,0,0,0,0,0,0,0,0,0,0,0,0]} 1. e4 e5 2. Nf3 Nc6 3. Bc4 Nf6 4. d3 Be7 5. O-O O-O 6. Re1 d6 7. a4 Na5 8. Ba2 {C55: Two Knights: 4 d3, 4 d4 exd4 5 e5 and Max Lange Attack} c5 9. c3 Nc6 10. Nbd2 {[%cal Bb1d2,Bd2f1,Bf1g3][%mdl 32] LiveBook: 64 Games. White is slightly better.} b6 $146 ({Predecessor:} 10... Be6 11. Bxe6 fxe6 12. b4 cxb4 13. cxb4 Nxb4 14. Qb3 d5 15. Nxe5 Rc8 {0-1 (55) Kramnik,V (2812)-Carlsen,M (2855) Paris 2016}) 11. Nf1 Be6 12. Ng3 Rc8 13. Bxe6 fxe6 14. Bd2 Qe8 15. b4 Kh8 16. b5 Nd8 17. d4 Nd7 (17... cxd4 $11 18. cxd4 exd4) 18. dxe5 $16 Nxe5 19. Nxe5 dxe5 20. c4 Bh4 21. Bc3 Nf7 22. a5 Rd8 23. Qe2 Qe7 24. Red1 h6 25. Rxd8 Rxd8 26. Rd1 Rxd1+ 27. Qxd1 Qd6 28. Qe2 (28. Qf3 $16 Bxg3 29. hxg3) 28... bxa5 $11 29. Qh5 Bxg3 30. hxg3 Kg8 31. Qe2 a4 32. Bb2 a6 33. Qc2 axb5 34. cxb5 c4 {Hoping for ...Qb4.} 35. Qxa4 Qc5 (35... Qd2 $16) 36. Bc3 (36. Ba3 $1 $18 {[%cal Ra3c5]} Qd4 37. b6 $1 {[%mdl 512]}) 36... Nd6 $16 {[#]} 37. b6 (37. Qa8+ $1 $16 Kf7 38. Qc6 Qxc6 39. bxc6) 37... Qxb6 $11 {Strongly threatening ...Qb1+.} 38. Bxe5 {Threatens to win with Qd7.} Qb5 (38... Qb1+ {with more complications.} 39. Kh2 Qb5 40. Qa1 Qc5 41. Kg1 Nb5) 39. Qa1 (39. Qa8+ {keeps more tension.} Ne8 40. Bc3 Kh7 41. Qd8 Qc6 42. Qe7) 39... Ne8 40. f3 {[%cal Bf2f3,Bf3f4][%mdl 32]} h5 41. Kh2 Kh7 42. f4 Qc6 {The position is equal.} 43. Qd1 Nf6 44. Bxf6 $1 gxf6 45. Qxh5+ {[%mdl 4096] Endgame KQ-KQ} Kg7 46. e5 fxe5 47. Qxe5+ Kf7 48. Qh5+ Ke7 49. Qg5+ Ke8 50. Qg6+ Kd7 51. Qf7+ Kd6 52. Qf8+ Kd5 53. Qd8+ Ke4 54. Qd1 {Black must now prevent Qf3+.} Qd5 55. Qe2+ Kf5 56. Qh5+ Kf6 57. Qh8+ Ke7 58. Qg7+ Kd6 59. g4 {Precision: White = 60%, Black = 52%.} 1/2-1/2

[Event "Northumbria Masters 2018"]
[Site "Newcastle upon Tyne"]
[Date "2018.02.15"]
[Round "2"]
[White "Lalic, Bogdan"]
[Black "Longson, Alexander"]
[Result "1/2-1/2"]
[WhiteElo "2401"]
[BlackElo "2307"]
[Annotator "TA"]
[PlyCount "35"]
[EventDate "2018.??.??"]
[EventCountry "ENG"]
[SourceTitle "playchess.com"]
[Source "ChessBase"]
[SourceQuality "1"]

{[%evp 16,35,2,0,18,14,22,0,3,0,2,0,0,-30,11,13,12,16,22,11,8,18]} 1. d4 d5 2. c4 e6 3. Nc3 Be7 4. cxd5 exd5 5. Bf4 c6 6. e3 Bf5 7. Nge2 Nd7 8. Ng3 Bg6 9. a3 {LiveBook: 3 Games. D31: Queen's Gambit Declined: Semi-Slav without ...Nf6 (+ Marshall Gambit and Noteboom) and Exchange Variation lines without ...Nf6} (9. Nh5 Bxh5 10. Qxh5 Ngf6 11. Qd1 Nf8 12. Bd3 Bd6 13. Bg5 Ne6 14. Bh4 g5 15. Bg3 h5 16. Qc2 h4 17. Bxd6 Qxd6 {0-1 (60) Ivanchuk,V (2726)-Bacrot,E (2725) Riadh 2017}) 9... Nb6 10. Nh5 $146 ({Predecessor:} 10. Be2 Nf6 11. h4 h6 12. h5 Bh7 13. Bd3 Qd7 14. Bxh7 Nxh7 15. Qc2 Ng5 16. Nf5 Ne6 {1-0 (38) Tella,J (2440)-Slapikas,V (2410) Helsinki 2002}) 10... Kf8 11. Bg3 Nf6 12. Nxf6 Bxf6 13. Qb3 a5 14. Rc1 Rc8 15. Be2 {The position is equal.} Bf5 16. Bd6+ Be7 17. Be5 h5 18. h3 1/2-1/2

[Event "Northumbria Masters 2018"]
[Site "Newcastle upon Tyne"]
[Date "2018.02.15"]
[Round "3"]
[White "Donchenko, Alexander"]
[Black "Merry, Alan B"]
[Result "1-0"]
[WhiteElo "2583"]
[BlackElo "2438"]
[Annotator "TA"]
[PlyCount "85"]
[EventDate "2018.??.??"]
[EventCountry "ENG"]
[SourceTitle "playchess.com"]
[Source "ChessBase"]
[SourceQuality "1"]

{[%evp 16,85,50,41,50,49,53,31,40,31,23,40,29,41,34,37,68,66,72,75,65,61,47,13,58,28,18,28,18,16,41,33,95,61,83,0,60,14,146,138,164,186,214,200,189,187,207,204,206,196,259,196,268,285,292,279,545,513,602,585,616,475,475,475,470,470,468,447,494,408,887,860]} 1. d4 Nf6 2. c4 g6 3. Nc3 Bg7 4. e4 d6 5. f3 a6 6. Be3 Nc6 7. Nge2 O-O 8. Qd2 Bd7 9. h4 {LiveBook: 10 Games. E83: King's Indian: Sämisch Panno (6...Nc6): Lines without either Nge2 or Qd2} (9. Nc1 Nh5 10. Nb3 a5 11. d5 Ne5 12. Be2 f5 13. exf5 gxf5 14. f4 Ng4 15. Bxg4 fxg4 16. O-O g3 17. h3 {0-1 (37) Vovk,Y (2611)-Smirin,I (2658) Kishinev 2016}) 9... e5 10. d5 Na5 $1 {[%cal Ra5c4]} 11. Ng3 {[#] aiming for b4.White is slightly better.} b5 $146 12. cxb5 axb5 {And now ...Nb3! would win.} 13. Rc1 Nc4 14. Bxc4 $1 bxc4 15. h5 c6 16. dxc6 Bxc6 17. hxg6 fxg6 18. Rd1 Qb8 19. Qe2 Be8 20. O-O Bf7 21. Rd2 Rc8 22. Rfd1 Rc6 23. a3 Qf8 (23... Bf8 $14) 24. Bg5 Nd7 25. Be3 (25. Nd5 $16 {Hoping for Ne7+.} Bxd5 26. exd5) 25... Rb8 (25... Nf6 $1 $11) 26. Na2 {Black should prevent Nb4.} Bf6 (26... Rcc8 $11) 27. Nb4 $36 {[%mdl 2048] White is on the roll.} Rxb4 28. axb4 {Strongly threatening b5.} Be7 29. Rc2 Qb8 30. Qd2 Ra6 31. Ne2 Nf6 32. Kh1 d5 (32... Bf8 {was worth a try.} 33. Bg5 Nd7) 33. b5 Qxb5 (33... Ra8 $142) 34. Nc3 $1 $18 {[%csl LRb5,LRd5]} Qd7 {Threatening ...d4.} 35. exd5 ({Don't play} 35. Nxd5 $6 Nxd5 36. exd5 Rd6 $18) 35... e4 $2 {[#]} (35... Qf5 {might work better.} 36. Qe2 Ra5) 36. Nxe4 Nxe4 37. fxe4 Qg4 38. e5 Qh5+ 39. Kg1 Qxe5 40. Rxc4 Ra8 41. Qd4 Qh5 42. Qg4 ({Weaker is} 42. Rc7 Bd6 $14) 42... Qe5 (42... Qxg4 $142 43. Rxg4 Rd8) 43. Rc8+ {Precision: White = 72%, Black = 25%.} 1-0